Tuỳ Đường diễn nghĩa
Đã lưu trong:
| Tác giả chính: | |
|---|---|
| Định dạng: | Sách |
| Ngôn ngữ: | Undetermined |
| Được phát hành: |
Thanh Hóa
Nhà xuất bản Thanh Hóa
2007
|
| Những chủ đề: | |
| Các nhãn: |
Thêm thẻ
Không có thẻ, Là người đầu tiên thẻ bản ghi này!
|
| Thư viện lưu trữ: | Trung tâm Học liệu Trường Đại học Cần Thơ |
|---|
| LEADER | 00643nam a2200193Ia 4500 | ||
|---|---|---|---|
| 001 | CTU_134566 | ||
| 008 | 210402s9999 xx 000 0 und d | ||
| 020 | |c 147500 | ||
| 082 | |a 895.13 | ||
| 082 | |b H403/T.2 | ||
| 100 | |a Chữ, Nhân Hoạch | ||
| 245 | 0 | |a Tuỳ Đường diễn nghĩa | |
| 245 | 0 | |c Chữ Nhân Hoạch ; Dịch giả: Lê Văn Đình ; Dịch thơ: Lê Văn Uông | |
| 260 | |a Thanh Hóa | ||
| 260 | |b Nhà xuất bản Thanh Hóa | ||
| 260 | |c 2007 | ||
| 650 | |a Chinese fiction,Tiểu thuyết Trung Quốc | ||
| 904 | |i Giang | ||
| 980 | |a Trung tâm Học liệu Trường Đại học Cần Thơ | ||